The Town and Country Planning (Limit of Annual Value) (Scotland) Order 2010 (Record no. 110596)

MARC details
000 -LEADER
fixed length control field 01397cad a22002535a 4500
001 - CONTROL NUMBER
control field E149676
008 - FIXED-LENGTH DATA ELEMENTS--GENERAL INFORMATION
fixed length control field 100407s2010 stk f s000 0 eng d
020 ## - INTERNATIONAL STANDARD BOOK NUMBER
International Standard Book Number 9780755978373
035 ## - SYSTEM CONTROL NUMBER
System control number (Sirsi) u149676
041 0# - LANGUAGE CODE
Language code of text/sound track or separate title eng
050 04 - LIBRARY OF CONGRESS CALL NUMBER
Classification number 711.1 $2 18
110 2# - MAIN ENTRY--CORPORATE NAME
Corporate name or jurisdiction name as entry element Scotland
Subordinate unit Scottish Government
9 (RLIN) 5344
245 04 - TITLE STATEMENT
Title The Town and Country Planning (Limit of Annual Value) (Scotland) Order 2010
Remainder of title planning circular 3/2010
Medium [electronic resource]
260 ## - PUBLICATION, DISTRIBUTION, ETC.
Place of publication, distribution, etc. Edinburgh
Name of publisher, distributor, etc. Scottish Government
Date of publication, distribution, etc. 2010
490 #0 - SERIES STATEMENT
Series statement Planning Circular
Volume/sequential designation (3/2010)
520 ## - SUMMARY, ETC.
Summary, etc. Explains the provisions of the Town and Country Planning (Limit of Annual Value) (Scotland) Order 2010. The Order was made on 10 February 2010 and comes into force on 1 April 2010 (SSI 2010/49). The Town and Country Planning (Limit of Annual Value) (Scotland) Order 2005 is revoked, and this circular supersedes Circular 2/2005 which accompanied the 2005 Order (ISBN 0755928849).
521 ## - TARGET AUDIENCE NOTE
Target audience note Advanced
650 24 - SUBJECT ADDED ENTRY--TOPICAL TERM
Topical term or geographic name entry element TOWN AND COUNTRY PLANNING (LIMIT OF ANNUAL VALUE) (SCOTLAND) ORDER 2010
650 24 - SUBJECT ADDED ENTRY--TOPICAL TERM
Topical term or geographic name entry element TOWN AND COUNTRY PLANNING (SCOTLAND) ACT 1997
651 #4 - SUBJECT ADDED ENTRY--GEOGRAPHIC NAME
Geographic name Scotland
Chronological subdivision 1999-
690 ## - LOCAL SUBJECT ADDED ENTRY--TOPICAL TERM (OCLC, RLIN)
Topical term or geographic name as entry element ENVIRONMENTAL AND LAND CONSULTANCY-PLANNING AND DEVELOPMENT-COMPULSORY PURCHASE AND COMPENSATION
856 40 - ELECTRONIC LOCATION AND ACCESS
Uniform Resource Identifier <a href="https://www.scotland.gov.uk/Publications/2010/03/12152617/0">https://www.scotland.gov.uk/Publications/2010/03/12152617/0</a>
Public note View the Circular free of charge at www.scotland.gov.uk
942 ## - ADDED ENTRY ELEMENTS (KOHA)
Suppress in OPAC 0
Holdings
Withdrawn status Lost status Source of classification or shelving scheme Damaged status Not for loan Home library Current library Shelving location Date acquired Total Checkouts Full call number Barcode Date last seen Copy number Price effective from Koha item type
    Dewey Decimal Classification     Virtual Virtual Online 07/04/2010   ONLINE PUBLICATION 149676-2001 06/08/2019 1 06/08/2019 Book